Food: Facts and Principles (Record no. 9882)
[ view plain ]
| 000 -LEADER | |
|---|---|
| fixed length control field | 00507nam a22002177a 4500 |
| 003 - CONTROL NUMBER IDENTIFIER | |
| control field | OSt |
| 005 - DATE AND TIME OF LATEST TRANSACTION | |
| control field | 20230908113320.0 |
| 008 - FIXED-LENGTH DATA ELEMENTS--GENERAL INFORMATION | |
| fixed length control field | 230908b |||||||| |||| 00| 0 eng d |
| 020 ## - INTERNATIONAL STANDARD BOOK NUMBER | |
| International Standard Book Number | 9789395161091 |
| 040 ## - CATALOGING SOURCE | |
| Transcribing agency | MRSPTU |
| 041 ## - LANGUAGE CODE | |
| Language code of text/sound track or separate title | ENG |
| 082 ## - DEWEY DECIMAL CLASSIFICATION NUMBER | |
| Classification number | 641.3 |
| Item number | MA-F |
| 100 ## - MAIN ENTRY--PERSONAL NAME | |
| Personal name | Manay, N.S hakuntala |
| 245 ## - TITLE STATEMENT | |
| Title | Food: Facts and Principles |
| 250 ## - EDITION STATEMENT | |
| Edition statement | 5th Ed. |
| 260 ## - PUBLICATION, DISTRIBUTION, ETC. | |
| Place of publication, distribution, etc. | New Delhi |
| Name of publisher, distributor, etc. | New Age |
| Date of publication, distribution, etc. | 2023 |
| 300 ## - PHYSICAL DESCRIPTION | |
| Extent | 545p. |
| 650 ## - SUBJECT ADDED ENTRY--TOPICAL TERM | |
| Topical term or geographic name entry element | Food Science |
| 700 ## - ADDED ENTRY--PERSONAL NAME | |
| Personal name | M Shadaksharaswamy |
| 942 ## - ADDED ENTRY ELEMENTS (KOHA) | |
| Source of classification or shelving scheme | Dewey Decimal Classification |
| Koha item type | Book |
| Withdrawn status | Lost status | Source of classification or shelving scheme | Damaged status | Not for loan | Home library | Current library | Date acquired | Total checkouts | Full call number | Barcode | Date last seen | Date last checked out | Price effective from | Koha item type | Date due |
|---|---|---|---|---|---|---|---|---|---|---|---|---|---|---|---|
| Dewey Decimal Classification | MRSPTU Central Library | MRSPTU Central Library | 09/08/2023 | 4 | 641.3 MA-F | 41444 | 02/24/2025 | 02/24/2025 | 09/08/2023 | Book | |||||
| Dewey Decimal Classification | MRSPTU Central Library | MRSPTU Central Library | 09/08/2023 | 15 | 641.3 MA-F | 41445 | 02/04/2026 | 02/04/2026 | 09/08/2023 | Book | 02/25/2026 | ||||
| Dewey Decimal Classification | MRSPTU Central Library | MRSPTU Central Library | 09/08/2023 | 11 | 641.3 MA-F | 41446 | 03/24/2026 | 03/02/2026 | 09/08/2023 | Book | |||||
| Dewey Decimal Classification | MRSPTU Central Library | MRSPTU Central Library | 09/08/2023 | 16 | 641.3 MA-F | 41447 | 04/27/2026 | 04/27/2026 | 09/08/2023 | Book | 05/18/2026 | ||||
| Dewey Decimal Classification | MRSPTU Central Library | MRSPTU Central Library | 09/08/2023 | 9 | 641.3 MA-F | 41448 | 04/06/2026 | 03/02/2026 | 09/08/2023 | Book | |||||
| Dewey Decimal Classification | MRSPTU Central Library | MRSPTU Central Library | 09/08/2023 | 3 | 641.3 MA-F | 41449 | 03/02/2026 | 02/04/2026 | 09/08/2023 | Book |
